[Event "World Senior chT-65 2019"]
[Site "Rhodes"]
[Date "2019.04.16"]
[Round "1.36"]
[White "Ager, Josef"]
[Black "Kauko, Pekka"]
[Result "1-0"]
[WhiteElo "2122"]
[BlackElo "1902"]
[Annotator "NA"]
[PlyCount "93"]
[EventDate "2019.04.16"]
[EventType "team-tourn"]
[EventCountry "GRE"]
[SourceTitle "playchess.com"]
[Source "ChessBase"]
[SourceQuality "1"]
[WhiteTeam "Austria"]
[BlackTeam "Finland"]
[WhiteTeamCountry "AUT"]
[BlackTeamCountry "FIN"]
[TimeControl "40/5400+30:1800+30"]

1. Nf3 {[%emt 0:00:00]} d5 {[%emt 0:00:00]} 2. g3 {[%emt 0:00:00]} c5 {[%emt 0:00:30]} 3. Bg2 {[%emt 0:00:00]} Nf6 {[%emt 0:00:45]} 4. O-O {[%emt 0:00:00]} Nc6 {[%emt 0:00:16]} 5. d4 {[%emt 0:00:04]} e6 {[%emt 0:00:43]} 6. c4 {[%emt 0:00:18]} a6 {[%emt 0:01:36]} 7. cxd5 {[%emt 0:01:57]} exd5 {[%emt 0:00:47]} 8. Nc3 {[%emt 0:00:12]} Be7 {[%emt 0:00:33]} 9. dxc5 {[%emt 0:00:47]} Bxc5 {[%emt 0:04:14]} 10. Bg5 {[%emt 0:01:21]} d4 {[%emt 0:01:05]} 11. Na4 {[%emt 0:01:47]} Be7 {[%emt 0:01:32]} 12. Rc1 {[%emt 0:00:30]} O-O {[%emt 0:00:27]} 13. Nc5 {[%emt 0:04:40]} h6 {[%emt 0:03:50]} 14. Bf4 {[%emt 0:01:55]} Qb6 {[%emt 0:10:19]} 15. Nb3 {[%emt 0:05:41]} Rd8 {[%emt 0:02:27]} 16. Ne5 {[%emt 0:03:00]} Bd7 {[%emt 0:06:02]} 17. Nc4 {[%emt 0:02:35]} Qb5 {[%emt 0:14:02]} 18. Nxd4 {[%emt 0:07:26]} Nxd4 {[%emt 0:01:26]} 19. Qxd4 {[%emt 0:00:09]} Be6 {[%emt 0:02:28]} 20. Qc3 {[%emt 0:01:17]} Rac8 {[%emt 0:01:17]} 21. b3 {[%emt 0:00:50]} Nd5 {[%emt 0:02:31]} 22. Bxd5 {[%emt 0:00:28]} Qxd5 {[%emt 0:04:35]} 23. Nb6 {[%emt 0:02:45]} Rxc3 {[%emt 0:03:05]} 24. Nxd5 {[%emt 0:00:12]} Rxc1 {[%emt 0:01:56]} 25. Nxe7+ {[%emt 0:00:11]} Kf8 {[%emt 0:00:28]} 26. Ng6+ {[%emt 0:00:10]} fxg6 {[%emt 0:00:33]} 27. Rxc1 {[%emt 0:00:08]} Rd7 {[%emt 0:00:39]} 28. f3 {[%emt 0:00:34]} Bd5 {[%emt 0:02:26]} 29. h4 {[%emt 0:02:14]} Bc6 {[%emt 0:00:26]} 30. Kf2 {[%emt 0:00:30]} Kf7 {[%emt 0:00:41]} 31. e4 {[%emt 0:02:41]} Ke6 {[%emt 0:01:31]} 32. Ke3 {[%emt 0:01:46]} Rd8 {[%emt 0:01:38]} 33. g4 {[%emt 0:02:50]} Rf8 {[%emt 0:01:37]} 34. Rd1 {[%emt 0:01:29]} Rh8 {[%emt 0:02:46]} 35. Rd6+ {[%emt 0:02:29]} Kf7 {[%emt 0:00:16]} 36. Be5 {[%emt 0:01:24]} Rc8 {[%emt 0:02:04]} 37. f4 {[%emt 0:05:03]} g5 {[%emt 0:01:26]} 38. hxg5 {[%emt 0:02:21]} hxg5 {[%emt 0:00:13]} 39. f5 {[%emt 0:00:13]} Rh8 {[%emt 0:00:34]} 40. Rg6 {[%emt 0:00:00]} Rh1 {[%emt 0:00:00]} 41. Rxg7+ {[%emt 0:00:47]} Kf8 {[%emt 0:01:17]} 42. f6 {[%emt 0:01:02]} Re1+ {[%emt 0:00:24]} 43. Kf2 {[%emt 0:01:02]} Rd1 {[%emt 0:00:49]} 44. Ke3 {[%emt 0:01:03]} Rd7 {[%emt 0:02:16]} 45. Rxg5 {[%emt 0:00:22]} Kf7 {[%emt 0:00:31]} 46. Bd4 {[%emt 0:01:06]} Ke6 {[%emt 0:00:32]} 47. Rh5 {[%emt 0:00:19] Kd5 [%emt 00:00:41]} 1-0

[Event "World Senior chT-65 2019"]
[Site "Rhodes"]
[Date "2019.04.16"]
[Round "1.37"]
[White "Gudmundsson, Kristjan"]
[Black "Morriss, Pete"]
[Result "1/2-1/2"]
[WhiteElo "2268"]
[BlackElo "1968"]
[Annotator "NA"]
[PlyCount "20"]
[EventDate "2019.04.16"]
[EventType "team-tourn"]
[EventCountry "GRE"]
[SourceTitle "playchess.com"]
[Source "ChessBase"]
[SourceQuality "1"]
[WhiteTeam "Iceland"]
[BlackTeam "Ireland"]
[WhiteTeamCountry "ISL"]
[BlackTeamCountry "IRL"]
[TimeControl "40/5400+30:1800+30"]

1. e4 c6 2. d3 d5 3. Nd2 dxe4 4. dxe4 e5 5. Ngf3 Bg4 6. h3 Bxf3 7. Qxf3 Nf6 8. Bc4 Nbd7 9. O-O Be7 10. Re1 O-O 1/2-1/2

[Event "World Senior chT-65 2019"]
[Site "Rhodes"]
[Date "2019.04.16"]
[Round "1.38"]
[White "Carlile, Orison"]
[Black "Viglundsson, Bjorgvin"]
[Result "0-1"]
[WhiteElo "2037"]
[BlackElo "2170"]
[Annotator "NA"]
[PlyCount "111"]
[EventDate "2019.04.16"]
[EventType "team-tourn"]
[EventCountry "GRE"]
[SourceTitle "playchess.com"]
[Source "ChessBase"]
[SourceQuality "1"]
[WhiteTeam "Ireland"]
[BlackTeam "Iceland"]
[WhiteTeamCountry "IRL"]
[BlackTeamCountry "ISL"]
[TimeControl "40/5400+30:1800+30"]

1. e4 {[%emt 0:00:01]} c5 {[%emt 0:00:00]} 2. a3 {[%emt 0:00:08]} b6 {[%emt 0:01:58]} 3. b4 {[%emt 0:00:54]} Bb7 {[%emt 0:00:14]} 4. Nc3 {[%emt 0:01:44]} Nc6 {[%emt 0:02:29]} 5. Rb1 {[%emt 0:03:33]} d6 {[%emt 0:02:56]} 6. Nf3 {[%emt 0:06:29]} e6 {[%emt 0:02:55]} 7. bxc5 {[%emt 0:03:07]} dxc5 {[%emt 0:01:01]} 8. Bc4 {[%emt 0:01:40]} Nf6 {[%emt 0:01:27]} 9. d3 {[%emt 0:00:42]} Be7 {[%emt 0:00:33]} 10. O-O {[%emt 0:00:47]} O-O {[%emt 0:00:53]} 11. Bb2 {[%emt 0:06:13]} a6 {[%emt 0:03:31]} 12. a4 {[%emt 0:01:56]} Nd7 {[%emt 0:06:58]} 13. Nd2 {[%emt 0:06:14]} Nd4 {[%emt 0:08:04]} 14. Ne2 {[%emt 0:05:32]} Ne5 {[%emt 0:03:59]} 15. Bxd4 {[%emt 0:06:59]} cxd4 {[%emt 0:00:19]} 16. Bb3 {[%emt 0:02:11]} Bc6 {[%emt 0:04:25]} 17. Ng3 {[%emt 0:01:16]} Kh8 {[%emt 0:07:18]} 18. f4 {[%emt 0:01:17]} Nd7 {[%emt 0:03:13]} 19. f5 {[%emt 0:07:14]} Nc5 {[%emt 0:05:22]} 20. Qg4 {[%emt 0:07:08]} Nxb3 {[%emt 0:04:51]} 21. cxb3 {[%emt 0:00:25]} Bd7 {[%emt 0:08:29]} 22. Nh5 {[%emt 0:11:47]} Rg8 {[%emt 0:01:34]} 23. Nc4 {[%emt 0:08:26]} exf5 {[%emt 0:10:58]} 24. exf5 {[%emt 0:00:10]} f6 {[%emt 0:01:13]} 25. Nf4 {[%emt 0:11:47]} g6 {[%emt 0:00:50]} 26. Qe2 {[%emt 0:01:31]} b5 {[%emt 0:03:14]} 27. Nb6 {[%emt 0:00:37]} Qxb6 {[%emt 0:02:17]} 28. Qxe7 {[%emt 0:00:05]} Bxf5 {[%emt 0:01:10]} 29. Nd5 {[%emt 0:00:35]} Qd8 {[%emt 0:00:24]} 30. Qxf6+ {[%emt 0:00:29]} Qxf6 {[%emt 0:00:49]} 31. Nxf6 {[%emt 0:00:05]} Bxd3 {[%emt 0:02:42]} 32. Nxg8 {[%emt 0:00:08]} Kxg8 {[%emt 0:00:22]} 33. Rbd1 {[%emt 0:00:27]} Bxf1 {[%emt 0:00:08]} 34. Kxf1 {[%emt 0:00:11]} Rd8 {[%emt 0:00:23]} 35. Ke2 {[%emt 0:00:25]} Kf7 {[%emt 0:00:12]} 36. Kd3 {[%emt 0:00:20]} Ke6 {[%emt 0:00:21]} 37. axb5 {[%emt 0:00:17]} axb5 {[%emt 0:00:07]} 38. Re1+ {[%emt 0:00:22]} Kd5 {[%emt 0:00:27]} 39. Re7 {[%emt 0:00:40]} h5 {[%emt 0:00:23]} 40. h4 {[%emt 0:00:00]} Rd6 {[%emt 0:00:00]} 41. Re8 {[%emt 0:12:11]} Kc5 {[%emt 0:05:08]} 42. Re4 {[%emt 0:04:20]} Kb4 {[%emt 0:00:59]} 43. Re5 {[%emt 0:01:55]} Rb6 {[%emt 0:01:18]} 44. Kxd4 {[%emt 0:01:57]} Kxb3 {[%emt 0:00:07]} 45. Kc5 {[%emt 0:01:05]} Rb8 {[%emt 0:00:11]} 46. Re1 {[%emt 0:02:42]} b4 {[%emt 0:00:37]} 47. Re3+ {[%emt 0:05:07]} Ka2 {[%emt 0:02:27]} 48. Re2+ {[%emt 0:00:26]} Ka3 {[%emt 0:00:03]} 49. Re6 {[%emt 0:01:55]} b3 {[%emt 0:01:01]} 50. Ra6+ {[%emt 0:00:49]} Kb2 {[%emt 0:00:06]} 51. Rf6 {[%emt 0:05:22]} Kc2 {[%emt 0:02:19]} 52. Rf2+ {[%emt 0:00:15]} Kd3 {[%emt 0:00:15]} 53. Rb2 {[%emt 0:00:57]} Kc3 {[%emt 0:00:07]} 54. Rf2 {[%emt 0:00:12]} b2 {[%emt 0:00:15]} 55. Rf3+ {[%emt 0:00:03]} Kd2 {[%emt 0:00:13]} 56. Kd4 {[%emt 0:00:25]} 0-1

[Event "World Senior chT-65 2019"]
[Site "Rhodes"]
[Date "2019.04.16"]
[Round "1.39"]
[White "Halldorsson, Bragi"]
[Black "Murray, Jim G."]
[Result "1-0"]
[WhiteElo "2112"]
[BlackElo "1845"]
[Annotator "NA"]
[PlyCount "123"]
[EventDate "2019.04.16"]
[EventType "team-tourn"]
[EventCountry "GRE"]
[SourceTitle "playchess.com"]
[Source "ChessBase"]
[SourceQuality "1"]
[WhiteTeam "Iceland"]
[BlackTeam "Ireland"]
[WhiteTeamCountry "ISL"]
[BlackTeamCountry "IRL"]
[TimeControl "40/5400+30:1800+30"]

1. d4 {[%emt 0:00:00]} Nf6 {[%emt 0:00:00]} 2. c4 {[%emt 0:00:04]} g6 {[%emt 0:00:00]} 3. Nc3 {[%emt 0:00:07]} d5 {[%emt 0:00:02]} 4. e3 {[%emt 0:00:07]} Bg7 {[%emt 0:00:11]} 5. Nf3 {[%emt 0:00:08]} O-O {[%emt 0:01:15]} 6. b4 {[%emt 0:00:13]} a5 {[%emt 0:02:44]} 7. b5 {[%emt 0:00:18]} dxc4 {[%emt 0:05:35]} 8. Bxc4 {[%emt 0:00:24]} c5 {[%emt 0:02:23]} 9. bxc6 {[%emt 0:04:42]} Nxc6 {[%emt 0:04:25]} 10. a4 {[%emt 0:02:59]} Bg4 {[%emt 0:05:45]} 11. Ba3 {[%emt 0:01:06]} Rc8 {[%emt 0:04:02]} 12. Nb5 {[%emt 0:15:29]} Nd5 {[%emt 0:20:21]} 13. Qb3 {[%emt 0:03:28]} Bxf3 {[%emt 0:01:49]} 14. gxf3 {[%emt 0:00:14]} Ndb4 {[%emt 0:01:07]} 15. f4 {[%emt 0:00:58]} Qd7 {[%emt 0:08:50]} 16. Rc1 {[%emt 0:15:33]} Na6 {[%emt 0:10:25]} 17. Bd5 {[%emt 0:06:08]} Nab4 {[%emt 0:06:53]} 18. Bg2 {[%emt 0:00:45]} Qf5 {[%emt 0:03:23]} 19. O-O {[%emt 0:00:49]} Rfd8 {[%emt 0:12:13]} 20. Rc5 {[%emt 0:02:43]} Qd7 {[%emt 0:02:38]} 21. d5 {[%emt 0:06:08]} Nb8 {[%emt 0:00:48]} 22. Bxb4 {[%emt 0:00:44]} axb4 {[%emt 0:00:26]} 23. Rxc8 {[%emt 0:00:24]} Rxc8 {[%emt 0:00:23]} 24. Qxb4 {[%emt 0:00:39]} Na6 {[%emt 0:00:37]} 25. Qa3 {[%emt 0:03:05]} Bf8 {[%emt 0:02:11]} 26. Qa2 {[%emt 0:03:25]} Nc7 {[%emt 0:00:41]} 27. Nc3 {[%emt 0:07:44]} Na6 {[%emt 0:00:43]} 28. Ne4 {[%emt 0:02:09]} Nc5 {[%emt 0:01:10]} 29. Nxc5 {[%emt 0:06:55]} Rxc5 {[%emt 0:00:02]} 30. Rb1 {[%emt 0:01:24]} Ra5 {[%emt 0:00:57]} 31. Qb3 {[%emt 0:00:42]} Rxa4 {[%emt 0:01:08]} 32. Bh3 {[%emt 0:04:08]} Qe8 {[%emt 0:00:38]} 33. Qxb7 {[%emt 0:00:20]} Qa8 {[%emt 0:00:25]} 34. Bd7 {[%emt 0:03:29]} Qxb7 {[%emt 0:00:43]} 35. Rxb7 {[%emt 0:00:07]} Ra1+ {[%emt 0:00:35]} 36. Kg2 {[%emt 0:00:09]} Rd1 {[%emt 0:00:16]} 37. Bc6 {[%emt 0:00:53]} Rc1 {[%emt 0:00:32]} 38. e4 {[%emt 0:01:42]} Rc4 {[%emt 0:01:41]} 39. f3 {[%emt 0:02:22]} Rc2+ {[%emt 0:00:31]} 40. Kg3 {[%emt 0:00:00]} h5 {[%emt 0:00:00]} 41. h3 {[%emt 0:01:31]} Rc3 {[%emt 0:04:56]} 42. h4 {[%emt 0:00:12]} Rc2 {[%emt 0:07:22]} 43. Bd7 {[%emt 0:03:04]} Rd2 {[%emt 0:07:25]} 44. Bc6 {[%emt 0:02:33]} Rd4 {[%emt 0:01:51]} 45. Ra7 {[%emt 0:02:27]} Rd2 {[%emt 0:02:16]} 46. Bd7 {[%emt 0:01:27]} Bg7 {[%emt 0:03:00]} 47. Ra8+ {[%emt 0:01:07]} Bf8 {[%emt 0:04:19]} 48. f5 {[%emt 0:00:28]} gxf5 {[%emt 0:00:48]} 49. Bxf5 {[%emt 0:00:15]} Kg7 {[%emt 0:01:18]} 50. Kf4 {[%emt 0:01:40]} Rg2 {[%emt 0:00:51]} 51. e5 {[%emt 0:01:22]} Rg1 {[%emt 0:00:34]} 52. Rd8 {[%emt 0:04:57]} Rd1 {[%emt 0:00:41]} 53. Kg5 {[%emt 0:01:08]} e6 {[%emt 0:00:32]} 54. Rxf8 {[%emt 0:00:39]} Kxf8 {[%emt 0:01:53]} 55. dxe6 {[%emt 0:00:16]} fxe6 {[%emt 0:00:23]} 56. Bxe6 {[%emt 0:00:16]} Ke7 {[%emt 0:00:08]} 57. Bf5 {[%emt 0:00:32]} Rf1 {[%emt 0:00:31]} 58. f4 {[%emt 0:00:18]} Rf2 {[%emt 0:00:23]} 59. Bg6 {[%emt 0:00:22]} Ke6 {[%emt 0:00:52]} 60. Bxh5 {[%emt 0:00:22]} Kd5 {[%emt 0:00:45]} 61. Bf7+ {[%emt 0:01:02]} Ke4 {[%emt 0:00:18]} 62. e6 {[%emt 0:00:19]} 1-0

[Event "World Senior chT-65 2019"]
[Site "Rhodes"]
[Date "2019.04.16"]
[Round "1.40"]
[White "Gibson, John F."]
[Black "Kristinsson, Jon"]
[Result "1/2-1/2"]
[WhiteElo "1818"]
[BlackElo "2094"]
[Annotator "NA"]
[PlyCount "51"]
[EventDate "2019.04.16"]
[EventType "team-tourn"]
[EventCountry "GRE"]
[SourceTitle "playchess.com"]
[Source "ChessBase"]
[SourceQuality "1"]
[WhiteTeam "Ireland"]
[BlackTeam "Iceland"]
[WhiteTeamCountry "IRL"]
[BlackTeamCountry "ISL"]
[TimeControl "40/5400+30:1800+30"]

1. c4 {[%emt 0:00:00]} e5 {[%emt 0:00:00]} 2. Nc3 {[%emt 0:00:00]} Nf6 {[%emt 0:00:10]} 3. g3 {[%emt 0:00:00]} Bb4 {[%emt 0:00:50]} 4. Bg2 {[%emt 0:00:20]} O-O {[%emt 0:00:15]} 5. e4 {[%emt 0:00:17]} d6 {[%emt 0:02:16]} 6. Nge2 {[%emt 0:00:20]} Bg4 {[%emt 0:01:16]} 7. O-O {[%emt 0:04:34]} Nc6 {[%emt 0:00:49]} 8. a3 {[%emt 0:03:22]} Bxc3 {[%emt 0:01:30]} 9. bxc3 {[%emt 0:00:43]} Qd7 {[%emt 0:01:21]} 10. Rb1 {[%emt 0:04:16]} b6 {[%emt 0:00:38]} 11. d3 {[%emt 0:02:54]} Bh3 {[%emt 0:01:09]} 12. f4 {[%emt 0:03:52]} Ne7 {[%emt 0:08:27]} 13. f5 {[%emt 0:05:09]} Bxg2 {[%emt 0:00:59]} 14. Kxg2 {[%emt 0:00:05]} c6 {[%emt 0:11:01]} 15. Bg5 {[%emt 0:04:06]} d5 {[%emt 0:00:54]} 16. Bxf6 {[%emt 0:05:33]} gxf6 {[%emt 0:00:02]} 17. d4 {[%emt 0:08:02]} Rad8 {[%emt 0:03:57]} 18. dxe5 {[%emt 0:06:45]} fxe5 {[%emt 0:00:09]} 19. f6 {[%emt 0:02:32]} Ng6 {[%emt 0:01:44]} 20. Qd2 {[%emt 0:00:55]} Kh8 {[%emt 0:04:06]} 21. Qh6 {[%emt 0:00:07]} Rg8 {[%emt 0:00:41]} 22. Rf5 {[%emt 0:00:42]} Nf8 {[%emt 0:01:57]} 23. Rxe5 {[%emt 0:08:30]} dxe4 {[%emt 0:05:23]} 24. Qe3 {[%emt 0:10:10]} Rg6 {[%emt 0:08:23]} 25. Rf1 {[%emt 0:01:51]} Ne6 {[%emt 0:18:09]} 26. Rxe4 {[%emt 0:02:09]} 1/2-1/2

[Event "World Senior chT-65 2019"]
[Site "Rhodes"]
[Date "2019.04.16"]
[Round "1.41"]
[White "Khandsuren, Sandagdorj"]
[Black "Boehnisch, Manfred"]
[Result "0-1"]
[WhiteElo "1954"]
[BlackElo "2287"]
[Annotator "TA"]
[PlyCount "172"]
[EventDate "2019.04.16"]
[EventType "team-tourn"]
[EventCountry "GRE"]
[SourceTitle "playchess.com"]
[Source "ChessBase"]
[SourceQuality "1"]
[WhiteTeam "Mongolia"]
[BlackTeam "Germany"]
[WhiteTeamCountry "MGL"]
[BlackTeamCountry "GER"]

{[%evp 10,172,35,12,25,8,-4,-16,24,-17,-16,-24,-7,-10,-7,-16,0,0,0,0,0,0,0,-8,0,-24,-16,-35,15,-19,-10,-11,0,0,0,0,0,0,0,-19,-17,-28,0,-34,0,0,0,-10,0,0,0,0,0,0,0,0,0,0,10,3,5,0,0,-104,-11,-14,-12,-117,-102,-122,-116,-102,-46,-41,-8,-8,-8,-8,-2,-6,0,0,0,-2,-2,-3,-3,-3,-7,-8,0,-8,-8,-8,-8,-31,-12,-95,-95,-95,-95,-95,-95,-95,-68,-69,-73,-68,-67,-87,-84,-95,-95,-95,-95,-95,-95,-95,-95,-95,-95,-95,-68,-140,-140,-491,-481,-472,-463,-4144,-4144,-29985,-29986,-4137,-4137,-29969,-29969,-29978,-29979,-29980,-29981,-29981,-29982,-29982,-29982,-29982,-29983,-29983,-29984,-29984,-29983,-29983,-29982,-29982,-29983,-29983,-29981,-29983,-29982,-29985,-11865,-29989,-29990,-29989,-29990]} 1. e4 c6 2. d4 d5 3. exd5 cxd5 4. Bd3 Nc6 5. c3 Nf6 6. Bg5 g6 {B13: Caro-Kann: Exchange Variation and Panov-Botvinnik Attack} (6... Bg4 7. Qb3 Qd7 8. Nd2 e6 9. Ngf3 Bd6 10. O-O Bh5 11. Rfe1 Bg6 12. Bb5 a6 13. Ne5 Qc7 14. Bxc6+ bxc6 15. c4 O-O 16. cxd5 cxd5 {½-½ (36) Romanov,E (2626)-Esipenko,A (2551) Tegernsee 2017}) 7. Bxf6 exf6 8. Qe2+ Be7 $146 {The position is equal.} (8... Ne7 {keeps more tension.} 9. Nd2 Bg7 10. Ngf3 O-O 11. O-O Nf5) ({Predecessor:} 8... Qe7 9. Qxe7+ Bxe7 10. h3 O-O 11. Ne2 Bd6 12. Nd2 Re8 13. Nb3 a6 {½-½ (13) Csuri,M (2064)-Deak,Z (2136) Hungary 2006}) 9. Nf3 O-O 10. O-O a6 11. Nbd2 Re8 12. Qd1 Qd6 13. Re1 Nd8 14. Nf1 Ne6 15. g3 f5 16. Qb3 f4 17. Re5 Nc7 18. Rae1 fxg3 19. fxg3 (19. hxg3 {seems wilder.} Be6 20. R5e2 b5 21. Qc2 Bf6 22. Ne5) 19... b5 20. Qc2 Bg4 21. Qf2 Bf6 22. Rxe8+ Rxe8 23. Rxe8+ Nxe8 24. N1d2 Nc7 25. Kg2 Kg7 26. Qe3 Bc8 27. a3 Qd7 28. Nf1 Qh3+ 29. Kg1 Ne6 30. N1d2 h5 31. Ne5 h4 32. Bf1 Qf5 33. Bd3 Qg5 (33... Qh3 {is more complex.}) 34. Qxg5 Bxg5 35. Nef3 Be3+ 36. Kg2 (36. Kf1 $11) 36... hxg3 (36... Ng5 $1 $17 {next ...Bh3+ is good for Black.} 37. gxh4 Nxf3 38. Nxf3 Bc1) 37. hxg3 $11 Ng5 {With the idea ...Nxf3.} 38. b3 (38. Nb3 $1 $11 {was the only way to keep the balance.}) 38... Bh3+ $17 39. Kh2 {Nxg5 is the strong threat.} Bg4 40. Kg2 f5 ({Black should try} 40... Kf6 $17 41. a4 bxa4 42. bxa4 a5) 41. a4 $15 Ne4 42. Nf1 Bc1 43. axb5 axb5 44. Bxb5 Nxc3 45. Bc6 Ne2 {Hoping for ...Bxf3+.} 46. Bxd5 Bxf3+ 47. Kxf3 Nxd4+ $11 {[%mdl 4096] Endgame KBN-KBN} 48. Kf2 Kf6 49. Ne3 Ke5 {And now ...Bxe3+ would win.} 50. Bf7 g5 51. Nc4+ Kf6 52. Bd5 Nxb3 53. Ke2 {[#]} (53. g4 $11) 53... g4 $1 $17 54. Kd1 Bh6 55. Ke2 Nd4+ 56. Kf2 Nb5 57. Kg2 Nc7 58. Bb7 Ne6 59. Nb2 Nc5 60. Bc6 Be3 61. Nc4 Bd4 62. Kf1 Ne6 63. Kg2 Ba7 64. Kf1 Bb8 65. Kg2 Nd4 66. Ba4 ({Better is} 66. Bd7 $1 $15) 66... Ne2 67. Bc2 $2 {[%mdl 8192]} (67. Bd7 $17) 67... Nxg3 $19 68. Ne3 {[#] intending Bxf5!} Kg5 $1 69. Bd3 (69. Bd1 $142) 69... f4 70. Nf1 f3+ 71. Kf2 Nh5 72. Nd2 Ba7+ 73. Kf1 Kf4 74. Nxf3 gxf3 75. Ke1 Ng3 76. Kd2 Bb6 77. Bc4 Ba5+ 78. Kd1 Ke3 79. Bd5 Ne4 80. Bc4 Nc3+ 81. Ke1 Nb1+ 82. Kd1 Kf2 83. Ba6 Nc3+ 84. Kc2 Ke1 {( -> ...f2)} 85. Bb7 f2 86. Bg2 Ne2 {Accuracy: White = 37%, Black = 57%.} 0-1

[Event "World Senior chT-65 2019"]
[Site "Rhodes"]
[Date "2019.04.16"]
[Round "1.42"]
[White "Beltz, Robert"]
[Black "Myagmarsuren, Begz"]
[Result "0-1"]
[WhiteElo "2158"]
[BlackElo "1911"]
[Annotator "NA"]
[PlyCount "38"]
[EventDate "2019.04.16"]
[EventType "team-tourn"]
[EventCountry "GRE"]
[SourceTitle "playchess.com"]
[Source "ChessBase"]
[SourceQuality "1"]
[WhiteTeam "Germany"]
[BlackTeam "Mongolia"]
[WhiteTeamCountry "GER"]
[BlackTeamCountry "MGL"]
[TimeControl "40/5400+30:1800+30"]

1. Nf3 {[%emt 0:00:00]} c5 {[%emt 0:00:00]} 2. c4 {[%emt 0:00:29]} Nc6 {[%emt 0:00:00]} 3. d4 {[%emt 0:02:00]} cxd4 {[%emt 0:01:22]} 4. Nxd4 {[%emt 0:00:10]} Ne5 {[%emt 0:02:01]} 5. e4 {[%emt 0:00:52]} e6 {[%emt 0:01:55]} 6. Nc3 {[%emt 0:01:03]} Nf6 {[%emt 0:00:55]} 7. Be2 {[%emt 0:01:31]} Bb4 {[%emt 0:01:13]} 8. f4 {[%emt 0:01:43]} Nxe4 {[%emt 0:07:02]} 9. Qc2 {[%emt 0:01:23]} Qh4+ {[%emt 0:00:35]} 10. g3 {[%emt 0:05:52]} Nxg3 {[%emt 0:01:11]} 11. Be3 {[%emt 0:02:50]} Nxh1+ {[%emt 0:04:59]} 12. Kd2 {[%emt 0:00:43]} Ng4 {[%emt 0:03:59]} 13. Rxh1 {[%emt 0:07:55]} Nxe3 {[%emt 0:01:01]} 14. Kxe3 {[%emt 0:00:07]} O-O {[%emt 0:05:26]} 15. Ne4 {[%emt 0:02:30]} d5 {[%emt 0:02:29]} 16. Nf3 {[%emt 0:01:29]} Qe7 {[%emt 0:01:57]} 17. Neg5 {[%emt 0:01:29]} g6 {[%emt 0:02:10]} 18. Kf2 {[%emt 0:02:42]} h6 {[%emt 0:03:01]} 19. Nh3 {[%emt 0:00:32]} e5 {[%emt 0:02:31]} 0-1

[Event "World Senior chT-65 2019"]
[Site "Rhodes"]
[Date "2019.04.16"]
[Round "1.43"]
[White "Serjmyadag, Damdin"]
[Black "Just, Joachim"]
[Result "0-1"]
[WhiteElo "1895"]
[BlackElo "1970"]
[Annotator "NA"]
[PlyCount "140"]
[EventDate "2019.04.16"]
[EventType "team-tourn"]
[EventCountry "GRE"]
[SourceTitle "playchess.com"]
[Source "ChessBase"]
[SourceQuality "1"]
[WhiteTeam "Mongolia"]
[BlackTeam "Germany"]
[WhiteTeamCountry "MGL"]
[BlackTeamCountry "GER"]
[TimeControl "40/5400+30:1800+30"]

1. e4 {[%emt 0:00:00]} c5 {[%emt 0:00:00]} 2. Nf3 {[%emt 0:00:18]} Nc6 {[%emt 0:00:02]} 3. Bc4 {[%emt 0:01:33]} g6 {[%emt 0:00:48]} 4. c3 {[%emt 0:01:18]} Nf6 {[%emt 0:17:06]} 5. e5 {[%emt 0:11:32]} Ng4 {[%emt 0:01:26]} 6. d4 {[%emt 0:02:53]} d5 {[%emt 0:08:30]} 7. Be2 {[%emt 0:03:03]} cxd4 {[%emt 0:07:08]} 8. cxd4 {[%emt 0:00:19]} Bg7 {[%emt 0:00:13]} 9. Nc3 {[%emt 0:03:11]} O-O {[%emt 0:00:49]} 10. O-O {[%emt 0:07:52]} e6 {[%emt 0:08:03]} 11. Ng5 {[%emt 0:12:07]} Nh6 {[%emt 0:01:06]} 12. f4 {[%emt 0:09:36]} f6 {[%emt 0:09:11]} 13. Nf3 {[%emt 0:02:51]} fxe5 {[%emt 0:03:04]} 14. fxe5 {[%emt 0:01:31]} Nf5 {[%emt 0:05:26]} 15. g4 {[%emt 0:06:46]} Nh4 {[%emt 0:01:57]} 16. Be3 {[%emt 0:00:45]} Bd7 {[%emt 0:06:29]} 17. Kh1 {[%emt 0:01:10]} Nxf3 {[%emt 0:00:21]} 18. Bxf3 {[%emt 0:00:36]} Qb6 {[%emt 0:02:30]} 19. Qd2 {[%emt 0:04:26]} Rad8 {[%emt 0:04:18]} 20. Rad1 {[%emt 0:03:56]} Na5 {[%emt 0:02:09]} 21. b3 {[%emt 0:02:29]} Qb4 {[%emt 0:01:27]} 22. Nxd5 {[%emt 0:04:38]} Qxd2 {[%emt 0:02:26]} 23. Bxd2 {[%emt 0:00:18]} Nc6 {[%emt 0:02:32]} 24. Nf6+ {[%emt 0:06:37]} Bxf6 {[%emt 0:01:11]} 25. exf6 {[%emt 0:00:11]} Nxd4 {[%emt 0:00:58]} 26. Bxb7 {[%emt 0:00:15]} Bb5 {[%emt 0:01:48]} 27. Rf2 {[%emt 0:04:23]} Be2 {[%emt 0:01:25]} 28. Re1 {[%emt 0:00:57]} Bxg4 {[%emt 0:00:38]} 29. Bb4 {[%emt 0:01:09]} Rf7 {[%emt 0:00:29]} 30. Bg2 {[%emt 0:01:07]} Bf5 {[%emt 0:01:53]} 31. Bc3 {[%emt 0:00:44]} Nc2 {[%emt 0:01:32]} 32. Ree2 {[%emt 0:02:14]} Rd1+ {[%emt 0:01:52]} 33. Rf1 {[%emt 0:00:42]} Rfd7 {[%emt 0:02:23]} 34. Ref2 {[%emt 0:00:37]} Ne3 {[%emt 0:00:56]} 35. Kg1 {[%emt 0:02:21]} Nxf1 {[%emt 0:00:30]} 36. Rxf1 {[%emt 0:00:04]} Rxf1+ {[%emt 0:00:48]} 37. Kxf1 {[%emt 0:00:11]} Kf7 {[%emt 0:00:25]} 38. h4 {[%emt 0:00:21]} Rd3 {[%emt 0:00:23]} 39. Be5 {[%emt 0:00:38]} Rd1+ {[%emt 0:00:48]} 40. Ke2 {[%emt 0:00:45]} Bg4+ {[%emt 0:00:00]} 41. Ke3 {[%emt 0:01:08]} Re1+ {[%emt 0:02:21]} 42. Kf4 {[%emt 0:03:16]} Bf5 {[%emt 0:00:44]} 43. Bf3 {[%emt 0:01:30]} h6 {[%emt 0:04:11]} 44. Bd4 {[%emt 0:00:33]} a6 {[%emt 0:01:21]} 45. Kg3 {[%emt 0:06:56]} g5 {[%emt 0:08:02]} 46. hxg5 {[%emt 0:01:26]} hxg5 {[%emt 0:00:02]} 47. Kf2 {[%emt 0:04:46]} Rc1 {[%emt 0:00:36]} 48. Bh5+ {[%emt 0:03:06]} Bg6 {[%emt 0:00:31]} 49. Be2 {[%emt 0:02:26]} Rc2 {[%emt 0:00:26]} 50. Ke3 {[%emt 0:00:38]} Rxa2 {[%emt 0:00:39]} 51. Bc4 {[%emt 0:00:59]} a5 {[%emt 0:03:09]} 52. Be5 {[%emt 0:00:45]} a4 {[%emt 0:03:10]} 53. b4 {[%emt 0:01:02]} Rc2 {[%emt 0:06:25]} 54. Kd4 {[%emt 0:01:39]} a3 {[%emt 0:06:12]} 55. Bb3 {[%emt 0:05:57]} a2 {[%emt 0:02:43]} 56. Ke3 {[%emt 0:00:17]} Rc1 {[%emt 0:01:00]} 57. Bxa2 {[%emt 0:00:36]} Re1+ {[%emt 0:00:02]} 58. Kd4 {[%emt 0:03:07]} Re4+ {[%emt 0:00:08]} 59. Kc5 {[%emt 0:00:26]} Rxe5+ {[%emt 0:00:12]} 60. Kd6 {[%emt 0:00:18]} Re2 {[%emt 0:00:36]} 61. Bc4 {[%emt 0:00:14]} Rd2+ {[%emt 0:00:30]} 62. Ke5 {[%emt 0:00:17]} Bf5 {[%emt 0:00:41]} 63. b5 {[%emt 0:00:17]} Rb2 {[%emt 0:00:25]} 64. Bf1 {[%emt 0:00:19]} Rb4 {[%emt 0:00:19]} 65. Kd6 {[%emt 0:00:29]} g4 {[%emt 0:01:12]} 66. Kc5 {[%emt 0:00:09]} Rb1 {[%emt 0:00:23]} 67. Bg2 {[%emt 0:00:15]} e5 {[%emt 0:01:18]} 68. b6 {[%emt 0:00:22]} e4 {[%emt 0:00:37]} 69. Kc6 {[%emt 0:00:05]} e3 {[%emt 0:00:34]} 70. Kc7 {[%emt 0:00:25]} e2 {[%emt 0:00:07]} 0-1